000
00305nam a2200109 u 4500
005
20210219155820.0
008
071010s1993 r 000 0 eng d
035
_a
UPN01000152850
245
0
0
_a
Entre el cielo y la tierra /
_c
dir. Oliver Stone.
260
_a
EE.UU :
_b
Warner home video,
_c
1993.
905
_a
Au
999
_c
124973
_d
124973